000 00399 a2200109 4500
001 ART_30606
005 20260410162002.0
008 260409a
245 1 0 _aLímites de la seguridad social mexicana en el marco del tratado de libre comercio de Norteamérica
100 1 _aArellanes Jiménez, Paulino Ernesto
773 0 _tForo económico
_g- Año II, Nº 3 (nov. 1996)
_wREV30369
999 _c31410
_d31410